Carry On Films - Statistics

General Stats
  • This quiz has been taken 2,015 times
  • The average score is 18 of 31
Answer Stats
Hint Answer % Correct
1969 Carry On Camping
94%
1967 Carry On Doctor
93%
1959 Carry On Nurse
85%
1968 Carry On Up The Khyber
85%
1972 Carry On Matron
74%
1966 Carry On Screaming
68%
1964 Carry On Cleo
67%
1958 Carry On Sergeant
64%
1971 Carry On Henry
63%
1971 Carry On At Your Convenience
60%
1992 Carry On Columbus
60%
1972 Carry On Abroad
59%
1963 Carry On Cabby
59%
1974 Carry On Dick
55%
1964 Carry On Spying
55%
1960 Carry On Constable
54%
1959 Carry On Teacher
54%
1970 Carry On Up The Jungle
53%
1962 Carry On Cruising
52%
1970 Carry On Loving
52%
1966 Carry On Don't Lose Your Head
51%
1973 Carry On Girls
51%
1969 Carry On Again Doctor
50%
1965 Carry On Cowboy
48%
1967 Carry On Follow That Camel
45%
1963 Carry On Jack
44%
1978 Carry On Emmanuelle
43%
1961 Carry On Regardless
42%
1976 Carry On England
39%
1975 Carry On Behind
37%
1977 That's Carry On
16%
No matching quizzes found
Score Distribution
Percent of People with Each Score
Percentile by Number Answered
Your Score History
You have not taken this quiz